[Event "ASKOs Pinseturnering-B"]
[Site "Blindern"]
[Date "2002.05.18"]
[Round "1"]
[White "Evanger, Trond"]
[Black "Esbensen, Kai Inge"]
[Result "1/2-1/2"]
[WhiteElo "1328"]
[BlackElo "1151"]
[PlyCount "109"]
[EventDate "2002.05.18"]
[EventType "swiss"]
[EventRounds "6"]
[EventCountry "NOR"]
[SourceTitle "EXT 2006"]
[Source "ChessBase"]
[SourceDate "2005.11.24"]
[SourceVersion "1"]
[SourceVersionDate "2005.11.24"]
[SourceQuality "1"]

1. e4 c5 2. f4 d6 3. Nf3 Nf6 4. Bb5+ Bd7 5. Bxd7+ Qxd7 6. Nc3 g6 7. 0-0 Bg7 8. e5 dxe5 9. fxe5 Ng4 10. Qe1 Nxe5 11. d3 Nxf3+ 12. Rxf3 0-0 13. Bg5 e6 14. Kh1 Qc6 15. Qh4 Nd7 16. Bh6 f5 17. Bxg7 Kxg7 18. Raf1 Rad8 19. Qe7+ Kg8 20. Rh3 h5 21. Rg3 Ne5 22. Re1 Rd7 23. Qg5 Qd6 24. Qxh5 Rh7 25. Qe2 Ng4 26. Qxe6+ Qxe6 27. Rxe6 Rxh2+ 28. Kg1 Rh6 29. Nd5 Kg7 30. Ne3 Nxe3 31. Rgxe3 Rh4 32. Kf2 Rf6 33. Re7+ Rf7 34. a3 Rh1 35. Rxf7+ Kxf7 36. c3 Rh4 37. b4 b6 38. Kf3 Rh1 39. bxc5 bxc5 40. Re5 Rd1 41. Ke2 Ra1 42. Rxc5 Rxa3 43. d4 Ra2+ 44. Kf3 a5 45. Rc6 Rd2 46. g3 a4 47. Ke3 Rc2 48. d5 a3 49. Kd4 g5 50. Ke5 a2 51. Ra6 Rxc3 52. Kxf5 Rxg3 53. Rxa2 Ke7 54. Rd2 Kd6 55. Rd1 1/2-1/2